00976nam a2200241 a 4500008004100000020002200041100002200063245009000085246004300175260004600218300002000264500015100284500006400435504004100499650003900540650004100579650003000620650003200650710002500682003000100707005001700708040000900725  a9964302711 (pbk.)1 aGibbons, Michael.10aBeyond the market :buniversities and society in the 21st century /cMichael Gibbons.1 iHalf title:aUniversities and society. aAccra :bGhana Universities Press,c2000. a96 p. ;c22 cm. a"Aggrey-Fraser-Guggisberg lectures delivered at the University of Ghana on March, 1999 on the occasion of the 50th anniversary of the university." a"Published for the University of Ghana, Legon"--T.p. verso. aIncludes bibliographical references. 0aEducation, HigherxSocial aspects. 0aEducation, HigherxEconomic aspects. 0aResearchxSocial aspects. 0aResearchxEconomic aspects.2 aUniversity of Ghana.20230123133742.0 cNUST